000 00910nam a22002537a 4500
005 20170124103053.0
010 _aB-193984
020 _c100.00
035 _aB-193984
037 _bCen Lib/Ret
040 _aDPL
_bHN
082 _a
_bपदम
100 _aपदम शास्त्री
_971040
245 _aविश्व बाल कथा कोष /
_cपदम शास्त्री
246 _aVishw baal katha kosh /
_bby Padam Shastri
260 _aजयपुर
_bएम.एम. पब्लिशर्स
_c2004
270 _aचौड़ा रास्ता
_bजयपुर
300 _a160पृ.
_c21सेमी (सजिल्द)
650 _aहिन्दी साहित्य
_971041
650 _aकहानियां
_971042
650 _aHindi literature
_971043
650 _aStories
_97500
942 _2ddc
_cHN
_h
_mपदम
999 _c117264
_d117264